Library Banner

How communities build stronger schools : (Record no. 98665)

MARC details
000 -LEADER
fixed length control field 00760cam a22002174a 4500
001 - CONTROL NUMBER
control field 12664744
005 - DATE AND TIME OF LATEST TRANSACTION
control field 20171002114651.0
008 - FIXED-LENGTH DATA ELEMENTS--GENERAL INFORMATION
fixed length control field 020201s2002 nyua b 001 0 eng
020 ## - INTERNATIONAL STANDARD BOOK NUMBER
International Standard Book Number 0312238916
040 ## - CATALOGING SOURCE
Transcribing agency PK-LaUMT
082 00 - DEWEY DECIMAL CLASSIFICATION NUMBER
Classification number 271.19
Edition number 21
Item number DOD-H
100 1# - MAIN ENTRY--PERSONAL NAME
Personal name Dodd, Anne W.
245 10 - TITLE STATEMENT
Title How communities build stronger schools :
Remainder of title stories, strategies, and promising practices for educating every child /
Statement of responsibility, etc Anne Wescott Dodd and Jean L. Konzal
260 ## - PUBLICATION, DISTRIBUTION, ETC. (IMPRINT)
Place of publication, distribution, etc New York :
Name of publisher, distributor, etc Palgrave Macmillan,
Date of publication, distribution, etc 2002.
300 ## - PHYSICAL DESCRIPTION
Extent xx, 347 p. :
Other physical details ill. ;
Dimensions 25 cm.
650 #0 - SUBJECT ADDED ENTRY--TOPICAL TERM
Topical term or geographic name as entry element Community and school
Geographic subdivision United States.
650 #0 - SUBJECT ADDED ENTRY--TOPICAL TERM
Topical term or geographic name as entry element Home and school
Geographic subdivision United States.
650 #0 - SUBJECT ADDED ENTRY--TOPICAL TERM
Topical term or geographic name as entry element Education
General subdivision Parent participation
Geographic subdivision United States.
700 1# - ADDED ENTRY--PERSONAL NAME
Personal name Konzal, Jean L.,
942 ## - ADDED ENTRY ELEMENTS (KOHA)
Koha item type Books
Holdings
Withdrawn status Lost status Damaged status Home library Current library Date acquired Full call number Barcode Date last seen Price effective from Koha item type
      UMT Main Campus UMT Main Campus 2017-10-02 271.19 DOD-H 114119 2017-10-02 2017-10-02 Books